000 01152nam a2200241 a 4500
001 54033
003 BD-RjUL
005 20211209080049.0
008 161031r19961988ii ||||| |||| 00| 0 ben d
020 _c: IRs.55.00
035 _a(BD-RjUL)54155
040 _aBD-RjUL
_bben
_cBD-RjUL
_dBD-RjUL
041 _aben
082 _223
_a891.4409
_bBAA 1996
100 _aবন্দোপাধ্যায়, অসিতকুমার
_9145676
245 1 0 _aআধুনিক বাংলা সাহিত্যের সংক্ষিপ্ত ইতিবৃত্ত :
_b(ঊনবিংশ ও বিংশ শতাব্দী) /
_cঅসিতকুমার বন্দোপাধ্যায়
250 _a১৩ তম সং.
260 _aকলিকাতা :
_bমর্ডান বুক এজেন্সী,
_c১৯৮৮ [পুনমুদ্রন ১৯৯৬]
300 _axiii, ২৫১ পৃ. ;
_c২১ সেমি.
650 _aবাংলা সাহিত্য
_vইতিহাস ও সমালোচনা
_9117445
650 _aBengali literature
_vHistory and Criticism
_9161341
942 _2ddc
_cBK
999 _c54033
_d54033